| 000 | 00358 a2200133 4500 | ||
|---|---|---|---|
| 001 | 90732 | ||
| 082 | _a621.38224 HEN | ||
| 090 |
_c42944 _d42944 |
||
| 100 | _aHenry W. Ott | ||
| 245 | _aElectromagnetic compatibility engineering | ||
| 260 |
_aNew Jersey _bWiley _c2009 |
||
| 300 | _axxv, 843 p. | ||
| 740 |
_aElectro magnetic _helectronic circuits-noise |
||
| 942 |
_aNUST-CAE _k621.38224 HEN |
||
| 999 |
_c325805 _d325805 |
||